| 000 | 00828cam a22002777a 4500 | ||
|---|---|---|---|
| 001 | 15299230 | ||
| 003 | CO-ViMGA | ||
| 005 | 20230915232211.0 | ||
| 008 | 080521s1992 mx a j 000 1 spa d | ||
| 020 | _a9682940362 | ||
| 020 | _a9789682940361 | ||
| 040 |
_aCO-ViMGA _bspa _cCO-ViMGA |
||
| 043 | _an-mx--- | ||
| 082 | 0 | 4 |
_a919 _bA55l |
| 100 | 1 |
_aAllende, Carlos _92298 |
|
| 245 | 0 | 0 |
_aLugares mágicos : _bGeografía de los lugares sagrados de la tierra / _cCarlos Allende, Francis Amalfi, Teo Gómez |
| 250 | _a1a. ed. | ||
| 260 |
_aU.S.A. : _bEdiciones Credimar, _c2008. |
||
| 300 |
_a221 p. : _bfot. ; _c24 cm. |
||
| 546 | _aSpanish and Huichol. | ||
| 650 | 0 |
_aCulturas ancestrales _92299 |
|
| 650 | 0 |
_alugares sagrados _92300 |
|
| 700 | 1 |
_aAmalfi, Francis; _92301 |
|
| 700 | 1 |
_aGómez, Teo _92302 |
|
| 942 |
_2ddc _cBK |
||
| 999 |
_c33762 _d33762 |
||